Informe sobre los problemas topográficos y económicos de la carretera de circunvalación

Gardado en:
Detalles Bibliográficos
Autor Principal: Zúñiga Gutiérrez, Mario Alberto, 1951-2014
Formato: Libro
Publicado: [San José , Costa Rica] 1978
Etiquetas: Engadir etiqueta
Sen Etiquetas, Sexa o primeiro en etiquetar este rexistro!

MARC

LEADER 00000nam a2200000Ia 4500
003 PIT152
005 20231208140435.0
008 140116s1978 c a m 000 ||s d
040 |c cru CEDI 
090 |a PIT-152 
100 |a Zúñiga Gutiérrez, Mario Alberto, 1951-2014  |9 2036 
245 |a Informe sobre los problemas topográficos y económicos de la carretera de circunvalación 
260 |a  [San José , Costa Rica]  |c 1978 
300 |a 32 hojas ; 8 planos plegables  
500 |a Universidad de Costa Rica. Facultad de Ingeniería. Departamento de Topografía 
942 |c PIT  |h PIT-152  |i PIT152  |6 PIT_152_PIT152 
999 |c 13499  |d 13499